Un tiempo de rupturas: sociedad y cultura en el siglo XX

محفوظ في:
التفاصيل البيبلوغرافية
المؤلف الرئيسي: Hobsbawm, Eric (prefacio)
التنسيق: كتاب
اللغة:الإسبانية
منشور في: Barcelona, España Crítica 2013
سلاسل:Mayor
الموضوعات:
الوسوم: إضافة وسم
لا توجد وسوم, كن أول من يضع وسما على هذه التسجيلة!

MARC

LEADER 00000cam a2200000 a 4500
001 UCE2129
003 CL-VaPUC
005 20220902120712.0
008 140612e20130700sp |||||||||||||||||spa|d
999 |c 355792  |d 355790 
020 |a 9789879317488 
040 |c Pontificia Universidad Católica de Valparaíso 
082 0 4 |a 909.82 HOB 2013  |2 21 
100 |a Hobsbawm, Eric   |e prefacio  |9 500134 
245 1 3 |a Un tiempo de rupturas:  |b  sociedad y cultura en el siglo XX 
260 |a Barcelona, España  |b Crítica  |c 2013 
300 |a 306 páginas 
490 0 |a Mayor 
583 |a last modification  |c 20190621 11:04:50  |k Rodrigo Vera 
650 0 |a Historia contemporánea  |9 343224 
650 7 |a HISTORIA DEL SIGLO 20  |2 CL-VaPUC  |9 534281 
650 7 |a SOCIEDAD Y CULTURA  |2 CL-VaPUC  |9 486496 
942 |c BK  |2 ddc 
945 |d 20140612 14:07:00  |a dcastane 
952 |0 0  |1 0  |2 ddc  |3 erb  |4 0  |6 909_820000000000000_HOB_2013  |7 0  |8 A  |9 462650  |a BIBART  |b BIBART  |i 5082641  |o 909.82 HOB 2013  |p 5082641  |r 2025-03-13  |t 1  |w 2019-11-23  |y BK  |z Catalogado en:20140612  |k ART 
952 |0 0  |1 0  |2 ddc  |3 erb  |4 0  |6 909_820000000000000_HOB_2013  |7 0  |8 A  |9 462651  |a BIBHIS  |b BIBHIS  |i 5116430  |l 6  |o 909.82 HOB 2013  |p 5116430  |r 2025-01-20  |s 2024-10-25  |t 2  |w 2019-11-23  |y BK  |z Catalogado en:20140925  |k HIS